Southville International School and Colleges
Your cart is empty.
  • Cart
  • Lists
    Public lists Eva Luna New books Lux_list list_1
    Your lists Log in to create your own lists
  • Log in to your account
  • Your cookies
  • Search history
Southville International School and Colleges
  • Advanced search
  • Recent comments
  • Most popular
  • Libraries

Log in to your account

Log in with GOOGLE


If you do not have an external account, but do have a local account, you can still log in:

  1. Home
  2. MARC view: The night the monster came /
Normal view MARC view ISBD view

The night the monster came / (Record no. 959)

[ view plain ]
MARC details
000 -LEADER
fixed length control field 00900cam a2200313 a 4500
001 - CONTROL NUMBER
control field 4679778
003 - CONTROL NUMBER IDENTIFIER
control field OSt
005 - DATE AND TIME OF LATEST TRANSACTION
control field 20140310181649.0
008 - FIXED-LENGTH DATA ELEMENTS--GENERAL INFORMATION
fixed length control field 811026s1982 nyua j 000 1 eng
010 ## - LIBRARY OF CONGRESS CONTROL NUMBER
LC control number 81018712
020 ## - INTERNATIONAL STANDARD BOOK NUMBER
International Standard Book Number 0688011675
020 ## - INTERNATIONAL STANDARD BOOK NUMBER
International Standard Book Number 0688011675
040 ## - CATALOGING SOURCE
Original cataloging agency DLC
Transcribing agency DLC
Modifying agency DLC
042 ## - AUTHENTICATION CODE
Authentication code lcac
050 00 - LIBRARY OF CONGRESS CALL NUMBER
Classification number PZ 7
Item number .C127 1982
082 00 - DEWEY DECIMAL CLASSIFICATION NUMBER
Classification number KF
Item number C12n 1982
100 1# - MAIN ENTRY--PERSONAL NAME
Personal name Calhoun, Mary.
9 (RLIN) 5632
245 14 - TITLE STATEMENT
Title The night the monster came /
Statement of responsibility, etc Mary Calhoun ; illustrated by Leslie Morrill.
260 ## - PUBLICATION, DISTRIBUTION, ETC. (IMPRINT)
Place of publication, distribution, etc New York :
Name of publisher, distributor, etc W. Morrow,
Date of publication, distribution, etc 1982.
300 ## - PHYSICAL DESCRIPTION
Extent 62 p. :
Other physical details ill. ;
Dimensions 21 cm.
500 ## - GENERAL NOTE
General note "Morrow Eagle Library edition"--Back cover.
541 ## - IMMEDIATE SOURCE OF ACQUISITION NOTE
-- 1
562 ## - COPY AND VERSION IDENTIFICATION NOTE
Number of copies 1
650 #1 - SUBJECT ADDED ENTRY--TOPICAL TERM
Topical term or geographic name as entry element Bears
General subdivision Fiction.
9 (RLIN) 5633
650 #1 - SUBJECT ADDED ENTRY--TOPICAL TERM
Topical term or geographic name as entry element Sasquatch
General subdivision Fiction.
9 (RLIN) 5634
700 1# - ADDED ENTRY--PERSONAL NAME
Personal name Morrill, Leslie H.,
Relator term ill.
9 (RLIN) 5635
906 ## - LOCAL DATA ELEMENT F, LDF (RLIN)
a 7
b cbc
c orignew
d 1
e ocip
f 19
g y-gencatlg
942 ## - ADDED ENTRY ELEMENTS (KOHA)
Source of classification or shelving scheme Library of Congress Classification
Koha item type
Call number prefix
Holdings
Withdrawn status Lost status Source of classification or shelving scheme Damaged status Home library Current library Shelving location Date acquired Total Checkouts Full call number Barcode Date last seen Copy number Price effective from Koha item type
    Library of Congress Classification   Luxembourg Library Luxembourg Library Kids Fiction Section 04/12/2012   PZ 7 .C127 1982 4405 08/13/2013 1 10/03/2013 Books

The night the monster came /

APA

Calhoun M., Morrill L. H., . (1982). The night the monster came. New York: W. Morrow.

Chicago

Calhoun Mary, Morrill Leslie H, . 1982. The night the monster came. New York: W. Morrow.

Harvard

Calhoun M., Morrill L. H., . (1982). The night the monster came. New York: W. Morrow.

MLA

Calhoun Mary, Morrill Leslie H, . The night the monster came. New York: W. Morrow. 1982.

  • Place hold
  • Print
  • Cite
  • Add to your cart (remove)
  • Save record
    BIBTEX Dublin Core MARCXML MARC (non-Unicode/MARC-8) MARC (Unicode/UTF-8) MARC (Unicode/UTF-8, Standard) MODS (XML) RIS
  • More searches
    Search for this title in:
    Other Libraries (WorldCat) Other Databases (Google Scholar) Online Stores (Bookfinder.com) Open Library (openlibrary.org)

Exporting to Dublin Core...

SOUTHVILLE LIBRARY

Southville International School and Colleges Library

1281 Tropical Ave. Cor. Luxembourg St., BF Homes International, Las Pinas City

Tel. No. 8256374 / 252358 Loc. 117/146

Powered by Koha